[Event "10th PKWN Festival it"]
[Site "Lublin POL"]
[Date "1974.??.??"]
[Round "7"]
[White "Adamski, Jan"]
[Black "Lengyel, Levente"]
[Result "1/2-1/2"]
[WhiteElo "2405"]
[BlackElo "2420"]
[EventDate "1974.07.15"]
[PlyCount "24"]

1.d4 Nf6 2.c4 g6 3.Nc3 d5 4.Nf3 Bg7 5.Bf4 O-O 6.e3 c5 7.dxc5 Qa5 8.Rc1 
dxc4 9.Bxc4 Qxc5 10.Bb3 Nc6 11.O-O Qa5 12.h3 Bf5 1/2-1/2

[Event "10th PKWN Festival it"]
[Site "Lublin POL"]
[Date "1974.??.??"]
[Round "7"]
[White "Nicevski, Risto"]
[Black "Pribyl, Josef"]
[Result "0-1"]
[WhiteElo "2430"]
[BlackElo "2455"]
[EventDate "1974.07.15"]
[PlyCount "116"]

1.e4 Nf6 2.e5 Nd5 3.d4 d6 4.Nf3 g6 5.Bc4 Nb6 6.Bb3 Bg7 7.O-O O-O 8.Re1 
dxe5 9.Nxe5 c5 10.c3 cxd4 11.cxd4 Nc6 12.Nxc6 bxc6 13.Nc3 e6 14.Be3 Nd5 
15.Bxd5 cxd5 16.Qd2 Re8 17.Na4 Bd7 18.Nc5 Bc6 19.Rac1 Qb6 20.Rc2 a5 21.
Rec1 a4 22.h4 Bb5 23.h5 Bc4 24.h6 Bh8 25.b3 axb3 26.axb3 Bb5 27.Ra2 Rxa2 
28.Qxa2 Bf6 29.Qd2 Be7 30.Ra1 Rc8 31.f3 f6 32.Kh1 Kf7 33.Ra5 Bd8 34.Ra2 
Be7 35.f4 Rb8 36.g4 Bd6 37.Rc2 Ra8 38.Kg2 Ra1 39.Rc1 Qa7 40.Na4 Rxc1 41.
Qxc1 Bxa4 42.bxa4 Qxa4 43.g5 Qc4 44.Qd2 Bb4 45.Qd1 Qc3 46.Kf2 Qb2+ 47.Kf3 
Be7 48.Qa4 Qb1 49.gxf6 Qh1+ 50.Ke2 Bxf6 51.Kd3 Be7 52.Qd7 Qf1+ 53.Kd2 Kf6 
54.Qb7 Qc4 55.Bf2 Qb4+ 56.Qxb4 Bxb4+ 57.Ke3 Kf5 58.Bh4 Bd6 0-1

[Event "10th PKWN Festival it"]
[Site "Lublin POL"]
[Date "1974.??.??"]
[Round "7"]
[White "Pytel, Krzysztof"]
[Black "Anikaev, Yury"]
[Result "1/2-1/2"]
[WhiteElo "2405"]
[BlackElo "2455"]
[EventDate "1974.07.15"]
[PlyCount "33"]

1.d4 Nf6 2.c4 g6 3.Nc3 d5 4.Bf4 Bg7 5.Rc1 O-O 6.e3 dxc4 7.Bxc4 c5 8.dxc5 
Qa5 9.Nf3 Qxc5 10.Bb3 Nc6 11.O-O Qa5 12.h3 Bf5 13.Qe2 e5 14.Bh2 Ne4 15.
Nxe4 Bxe4 16.Nd2 Bd5 17.Bxd5 1/2-1/2

[Event "10th PKWN Festival it"]
[Site "Lublin POL"]
[Date "1974.??.??"]
[Round "7"]
[White "Suba, Mihai"]
[Black "Georgadze, Tamaz"]
[Result "0-1"]
[WhiteElo "2460"]
[BlackElo "2435"]
[EventDate "1974.07.15"]
[PlyCount "64"]

1.c4 e5 2.Nc3 Nf6 3.Nf3 Nc6 4.g3 Bb4 5.Nd5 Nxd5 6.cxd5 Nd4 7.Nxd4 exd4 8.
Bg2 Be7 9.O-O c5 10.b4 cxb4 11.a3 O-O 12.axb4 Bxb4 13.Bb2 Bc5 14.Qa4 d6 
15.Rae1 Bd7 16.Qa1 b5 17.Bxd4 Bxd4 18.Qxd4 Qf6 19.Qd3 Rfb8 20.f4 b4 21.Qe3
a5 22.d4 a4 23.Qd2 b3 24.e4 a3 25.e5 Qd8 26.f5 f6 27.e6 Be8 28.e7 Qa5 29.
Qf4 a2 30.Qxd6 b2 31.Qe6+ Bf7 32.Qe2 Ra6 0-1

[Event "10th PKWN Festival it"]
[Site "Lublin POL"]
[Date "1974.??.??"]
[Round "7"]
[White "Sydor, Andrzej"]
[Black "Tal, Mikhail"]
[Result "0-1"]
[WhiteElo "2395"]
[BlackElo "2635"]
[EventDate "1974.07.15"]
[PlyCount "94"]

1.Nc3 c5 2.Nf3 Nc6 3.d4 cxd4 4.Nxd4 Nf6 5.Bg5 e6 6.e3 Bb4 7.Qd2 h6 8.Bxf6 
Qxf6 9.a3 Ba5 10.Be2 d5 11.O-O Bd7 12.Rad1 Rc8 13.Ndb5 O-O 14.b4 Bb6 15.
Na4 Ne5 16.Nxb6 axb6 17.Nd4 Nc4 18.Bxc4 Rxc4 19.c3 Rfc8 20.Rc1 e5 21.Ne2 
Qc6 22.Rfd1 Be6 23.Qe1 Kh7 24.Rd2 g5 25.Rcd1 b5 26.Kh1 Rg8 27.Qf1 f6 28.
Rd3 Rg7 29.R3d2 h5 30.f3 Rf7 31.Rd3 Qb6 32.Qf2 Rg7 33.Kg1 Qa7 34.Ra1 h4 
35.h3 Qa4 36.Rd2 Qa7 37.Rd3 Rc6 38.f4 gxf4 39.exf4 Qxf2+ 40.Kxf2 Rc4 41.
Re3 Rf7 42.Kg1 Re4 43.Rxe4 dxe4 44.Kf2 Bc4 45.Re1 Rg7 46.g4 hxg3+ 47.Nxg3 
e3+ 0-1

[Event "10th PKWN Festival it"]
[Site "Lublin POL"]
[Date "1974.??.??"]
[Round "7"]
[White "Vogt, Lothar"]
[Black "Szymczak, Zbigniew"]
[Result "0-1"]
[WhiteElo "2430"]
[BlackElo "2200"]
[EventDate "1974.07.15"]
[PlyCount "46"]

1.e4 g6 2.d4 Bg7 3.Nf3 d6 4.Bc4 Nf6 5.Qe2 Nc6 6.e5 dxe5 7.dxe5 Ng4 8.Bb5 
Bd7 9.Bf4 O-O 10.h3 Ngxe5 11.Bxe5 Bxe5 12.Bxc6 Bxb2 13.Qb5 Bxa1 14.Bxd7 c6
15.Qd3 Qc7 16.O-O Rad8 17.Rd1 Bf6 18.Na3 e5 19.Nh2 e4 20.Qd2 Rfe8 21.Ng4 
Bg7 22.Bxe8 Rxd2 23.Rxd2 Qe7 0-1

[Event "10th PKWN Festival it"]
[Site "Lublin POL"]
[Date "1974.??.??"]
[Round "8"]
[White "Damjanovic, Mato"]
[Black "Suba, Mihai"]
[Result "1/2-1/2"]
[WhiteElo "2460"]
[BlackElo "2460"]
[EventDate "1974.07.15"]
[PlyCount "34"]

1.e4 Nf6 2.e5 Nd5 3.d4 d6 4.f4 Bf5 5.Nf3 e6 6.Bd3 Bxd3 7.Qxd3 Be7 8.O-O 
O-O 9.a3 c5 10.c4 Nb6 11.exd6 Qxd6 12.b4 N8d7 13.Nc3 cxd4 14.Nb5 Qb8 15.
Nbxd4 a5 16.Bd2 axb4 17.axb4 Rxa1 1/2-1/2

[Event "10th PKWN Festival it"]
[Site "Lublin POL"]
[Date "1974.??.??"]
[Round "8"]
[White "Georgadze, Tamaz"]
[Black "Adamski, Jan"]
[Result "1/2-1/2"]
[WhiteElo "2435"]
[BlackElo "2405"]
[EventDate "1974.07.15"]
[PlyCount "22"]

1.c4 g6 2.Nc3 c5 3.g3 Bg7 4.Bg2 Nc6 5.e4 a6 6.Nge2 b5 7.d3 Rb8 8.O-O d6 9.
Rb1 Nf6 10.h3 O-O 11.f4 Bd7 1/2-1/2

[Event "10th PKWN Festival it"]
[Site "Lublin POL"]
[Date "1974.??.??"]
[Round "8"]
[White "Pribyl, Josef"]
[Black "Liebert, Heinz"]
[Result "1/2-1/2"]
[WhiteElo "2455"]
[BlackElo "2445"]
[EventDate "1974.07.15"]
[PlyCount "37"]

1.e4 c5 2.Nf3 Nc6 3.c3 Nf6 4.e5 Nd5 5.d4 cxd4 6.cxd4 d6 7.Nc3 dxe5 8.dxe5 
Be6 9.Bd2 Nxc3 10.Bxc3 Qxd1+ 11.Kxd1 Bd5 12.Bb5 e6 13.Ke2 a6 14.Ba4 Bc4+ 
15.Ke1 b5 16.Bb3 Bxb3 17.axb3 Be7 18.Ke2 O-O 19.Rhd1 1/2-1/2

[Event "10th PKWN Festival it"]
[Site "Lublin POL"]
[Date "1974.??.??"]
[Round "8"]
[White "Tal, Mikhail"]
[Black "Estrin, Yakov"]
[Result "1/2-1/2"]
[WhiteElo "2635"]
[BlackElo "2450"]
[EventDate "1974.07.15"]
[PlyCount "30"]

1.d4 Nf6 2.c4 e6 3.Nf3 d5 4.Nc3 Bb4 5.e3 c5 6.Be2 O-O 7.O-O dxc4 8.Bxc4 
Nbd7 9.a3 cxd4 10.Qxd4 Nb6 11.Qxd8 Rxd8 12.axb4 Nxc4 13.e4 Rd3 14.Ne1 Rd7 
15.Nf3 Rd3 1/2-1/2

[Event "10th PKWN Festival it"]
[Site "Lublin POL"]
[Date "1974.??.??"]
[Round "8"]
[White "Vogt, Lothar"]
[Black "Pytel, Krzysztof"]
[Result "1/2-1/2"]
[WhiteElo "2430"]
[BlackElo "2405"]
[EventDate "1974.07.15"]
[PlyCount "73"]

1.e4 e6 2.d4 d5 3.Nd2 c5 4.Ngf3 cxd4 5.exd5 Qxd5 6.Bc4 Qc5 7.O-O Nf6 8.Qe2
Nc6 9.Nb3 Qb6 10.Rd1 Bd7 11.Nbxd4 Nxd4 12.Nxd4 Bc5 13.c3 O-O 14.Bg5 Nd5 
15.Rd2 Rfe8 16.Rad1 Bc6 17.Nxc6 bxc6 18.Bh4 Qc7 19.Bg3 Bd6 20.Bxd6 Qxd6 
21.Bd3 Qc7 22.Be4 Rab8 23.Bf3 Red8 24.g3 h6 25.c4 Ne7 26.b3 c5 27.Be4 Kf8 
28.Qe3 Rxd2 29.Qxd2 Ke8 30.Qc3 Kf8 31.Kg2 Ng8 32.f4 Nf6 33.Bf3 Ke7 34.Kf2 
Rd8 35.Rxd8 Kxd8 36.Ke3 a5 37.Qd2+ 1/2-1/2

[Event "10th PKWN Festival it"]
[Site "Lublin POL"]
[Date "1974.??.??"]
[Round "9"]
[White "Adamski, Jan"]
[Black "Damjanovic, Mato"]
[Result "1/2-1/2"]
[WhiteElo "2405"]
[BlackElo "2460"]
[EventDate "1974.07.15"]
[PlyCount "29"]

1.c4 g6 2.Nf3 Bg7 3.d4 c5 4.e4 cxd4 5.Nxd4 Qb6 6.Nb3 Nc6 7.Be2 Nf6 8.Nc3 
O-O 9.O-O d6 10.Be3 Qd8 11.f3 Be6 12.Qd2 Nd7 13.Nd5 a5 14.Kh1 a4 15.Nd4 
1/2-1/2

[Event "10th PKWN Festival it"]
[Site "Lublin POL"]
[Date "1974.??.??"]
[Round "9"]
[White "Estrin, Yakov"]
[Black "Anikaev, Yury"]
[Result "1/2-1/2"]
[WhiteElo "2450"]
[BlackElo "2455"]
[EventDate "1974.07.15"]
[PlyCount "65"]

1.e4 c5 2.Nf3 Nc6 3.d4 cxd4 4.Nxd4 Nf6 5.Nc3 d6 6.Bg5 e6 7.Qd2 a6 8.O-O-O 
Bd7 9.f4 b5 10.Bxf6 gxf6 11.Nxc6 Bxc6 12.Qe3 Be7 13.Bd3 Qc7 14.Kb1 Qb7 15.
Rhe1 b4 16.Ne2 a5 17.Nd4 Bd7 18.Bc4 Rc8 19.Qd3 Qb6 20.b3 Rc5 21.f5 e5 22.
Nf3 Bc6 23.Qe3 Qb7 24.g4 h6 25.Rd3 a4 26.Nd2 axb3 27.cxb3 Kf8 28.h4 Qa8 
29.Nf3 Ra5 30.Rd2 Kg7 31.g5 hxg5 32.hxg5 Rh3 33.gxf6+ 1/2-1/2

[Event "10th PKWN Festival it"]
[Site "Lublin POL"]
[Date "1974.??.??"]
[Round "9"]
[White "Grabczewski, Romuald"]
[Black "Pribyl, Josef"]
[Result "1/2-1/2"]
[WhiteElo "2425"]
[BlackElo "2455"]
[EventDate "1974.07.15"]
[PlyCount "30"]

1.e4 c5 2.Nf3 Nf6 3.e5 Nd5 4.Nc3 e6 5.Ne4 f5 6.Nc3 Nc6 7.Nxd5 exd5 8.d4 d6
9.exd6 Bxd6 10.dxc5 Bxc5 11.Be2 O-O 12.O-O f4 13.a3 a5 14.b3 Qd6 15.Bb2 
Bf5 1/2-1/2

[Event "10th PKWN Festival it"]
[Site "Lublin POL"]
[Date "1974.??.??"]
[Round "9"]
[White "Liebert, Heinz"]
[Black "Lengyel, Levente"]
[Result "1-0"]
[WhiteElo "2445"]
[BlackElo "2420"]
[EventDate "1974.07.15"]
[PlyCount "51"]

1.c4 Nf6 2.Nf3 g6 3.Nc3 d5 4.cxd5 Nxd5 5.Qa4+ Bd7 6.Qc2 Nb6 7.d4 Bg7 8.e4 
O-O 9.Be3 Bg4 10.Ne5 Bc8 11.Rd1 c6 12.Be2 Be6 13.O-O N8d7 14.f4 f6 15.Nf3 
Bf7 16.Kh1 e6 17.e5 Nd5 18.Bc1 Bh6 19.Nxd5 cxd5 20.Qb3 fxe5 21.fxe5 Bxc1 
22.Rxc1 Nb6 23.Qe3 Be8 24.Ng5 Bd7 25.Rxf8+ Qxf8 26.Rf1 1-0

[Event "10th PKWN Festival it"]
[Site "Lublin POL"]
[Date "1974.??.??"]
[Round "9"]
[White "Pytel, Krzysztof"]
[Black "Szymczak, Zbigniew"]
[Result "1/2-1/2"]
[WhiteElo "2405"]
[BlackElo "2200"]
[EventDate "1974.07.15"]
[PlyCount "66"]

1.d4 Nf6 2.c4 g6 3.Nc3 d5 4.cxd5 Nxd5 5.e4 Nxc3 6.bxc3 c5 7.Bc4 Bg7 8.Ne2 
Nc6 9.Be3 O-O 10.O-O Qc7 11.Qc1 Na5 12.Bd3 Bd7 13.Qa3 Rfd8 14.Bf4 e5 15.
Bg3 Be8 16.Rad1 b6 17.Qb2 Qe7 18.dxe5 Ba4 19.Bc2 Nc4 20.Qc1 Bxc2 21.Qxc2 
Bxe5 22.Nf4 Bxf4 23.Bxf4 Rxd1 24.Rxd1 Rd8 25.f3 Kg7 26.Rd3 Qh4 27.g3 Qe7 
28.Qd1 Rxd3 29.Qxd3 Ne5 30.Bxe5+ Qxe5 31.f4 Qe6 32.c4 h5 33.a3 Qg4 1/2-1/2

[Event "10th PKWN Festival it"]
[Site "Lublin POL"]
[Date "1974.??.??"]
[Round "9"]
[White "Suba, Mihai"]
[Black "Tal, Mikhail"]
[Result "0-1"]
[WhiteElo "2460"]
[BlackElo "2635"]
[EventDate "1974.07.15"]
[PlyCount "66"]

1.c4 g6 2.e4 Bg7 3.d4 d6 4.Be2 Nc6 5.Nf3 Bg4 6.Nbd2 e5 7.d5 Nce7 8.O-O Nh6
9.b4 O-O 10.c5 f5 11.cxd6 cxd6 12.Nc4 Rc8 13.Nfd2 b5 14.Na3 Bxe2 15.Qxe2 
a6 16.f3 Qb6+ 17.Kh1 fxe4 18.fxe4 Rxf1+ 19.Nxf1 Qd4 20.Rb1 Rf8 21.Bxh6 
Bxh6 22.Nc2 Qf2 23.Qd3 Rc8 24.Nfe3 Bf4 25.a3 Kh8 26.Rd1 Ng8 27.Ra1 Nf6 28.
a4 Qh4 29.g3 Bxg3 30.Nf1 Bf4 31.axb5 Qf2 32.Ne1 Rc3 33.Ra2 Qxe1 0-1

[Event "10th PKWN Festival it"]
[Site "Lublin POL"]
[Date "1974.??.??"]
[Round "9"]
[White "Sydor, Andrzej"]
[Black "Vogt, Lothar"]
[Result "1/2-1/2"]
[WhiteElo "2395"]
[BlackElo "2430"]
[EventDate "1974.07.15"]
[PlyCount "70"]

1.f4 d5 2.Nf3 g6 3.g3 Bg7 4.Bg2 Nf6 5.O-O O-O 6.d3 c5 7.c3 Nc6 8.Na3 b6 9.
Qc2 Bb7 10.e4 e6 11.h3 Rc8 12.Be3 dxe4 13.dxe4 Qe7 14.e5 Nd5 15.Bf2 Ba6 
16.Rfd1 Rfd8 17.Qe4 Na5 18.g4 Bb7 19.Bh4 f6 20.Re1 Nxc3 21.exf6 Bxf6 22.
Qxe6+ Qxe6 23.Rxe6 Bxh4 24.Nxh4 Nd5 25.Rf1 Re8 26.Rxe8+ Rxe8 27.Nb5 Nc4 
28.Bxd5+ Bxd5 29.Nc7 Rd8 30.Rd1 Ne3 31.Rd3 Rd7 32.Nxd5 Nxd5 33.f5 Kf7 34.
fxg6+ hxg6 35.Kf2 Nf6 1/2-1/2

[Event "10th PKWN Festival it"]
[Site "Lublin POL"]
[Date "1974.??.??"]
[Round "10"]
[White "Anikaev, Yury"]
[Black "Suba, Mihai"]
[Result "1-0"]
[WhiteElo "2455"]
[BlackElo "2460"]
[EventDate "1974.07.15"]
[PlyCount "137"]

1.Nf3 Nf6 2.g3 g6 3.b3 Bg7 4.Bb2 O-O 5.Bg2 d6 6.d4 e5 7.dxe5 Ng4 8.h3 Nxe5
9.Nxe5 dxe5 10.Qxd8 Rxd8 11.Nd2 c6 12.O-O-O Be6 13.Nc4 Rxd1+ 14.Rxd1 Nd7 
15.Na5 Rb8 16.Ba3 Bf8 17.Bxf8 Kxf8 18.Kb2 Ke8 19.c4 Kd8 20.Bxc6 bxc6 21.
Nxc6+ Kc7 22.Nxb8 Nxb8 23.Kc3 Nd7 24.g4 g5 25.Kb4 f5 26.Rh1 e4 27.Kc3 Ne5 
28.gxf5 Bxf5 29.h4 g4 30.Kd4 Kd6 31.Ke3 Ke6 32.h5 h6 33.Rd1 Nd7 34.Rd5 Nf6
35.Ra5 Nxh5 36.Ra6+ Ke5 37.Rxh6 Nf6 38.Rh8 g3 39.fxg3 Ng4+ 40.Kd2 e3+ 41.
Ke1 Bb1 42.Rh5+ Bf5 43.Rg5 Kf6 44.Rg8 Ne5 45.Rd8 Ke7 46.Rd1 Nc6 47.Rc1 Kd6
48.Rc3 Nb4 49.Kd1 Nxa2 50.Rxe3 a5 51.Kd2 Nb4 52.Re8 Bd7 53.Ra8 Nc6 54.Kc3 
Ke5 55.Rg8 Be6 56.Rh8 Bd7 57.Rh4 Kf6 58.Rh5 Bf5 59.Rh6+ Bg6 60.c5 Kg5 61.
Rxg6+ Kxg6 62.Kc4 Kf7 63.Kd5 Nb4+ 64.Kd6 Ke8 65.Kc7 Nd5+ 66.Kb7 Kd8 67.c6 
Nc7 68.g4 Ne6 69.Kb8 1-0

[Event "10th PKWN Festival it"]
[Site "Lublin POL"]
[Date "1974.??.??"]
[Round "10"]
[White "Damjanovic, Mato"]
[Black "Nicevski, Risto"]
[Result "1-0"]
[WhiteElo "2460"]
[BlackElo "2430"]
[EventDate "1974.07.15"]
[PlyCount "63"]

1.e4 c5 2.Nf3 Nc6 3.d4 cxd4 4.Nxd4 Nf6 5.Nc3 d6 6.Bg5 e6 7.Qd2 a6 8.O-O-O 
h6 9.Bf4 Bd7 10.Nxc6 Bxc6 11.Qe1 Qa5 12.Kb1 O-O-O 13.f3 g5 14.Be3 Rg8 15.
Be2 Kb8 16.Qf2 Nd7 17.g3 Rc8 18.h4 Qc7 19.hxg5 hxg5 20.Rh7 Bg7 21.Bd4 f6 
22.Bc4 Nf8 23.Rhh1 Qe7 24.Bb3 Nd7 25.Rhe1 Qf7 26.Ba7+ Ka8 27.Rxd6 Rge8 28.
Na4 b5 29.Rxd7 Bxd7 30.Nb6+ Kb7 31.Nxc8 Bxc8 32.Qb6+ 1-0

[Event "10th PKWN Festival it"]
[Site "Lublin POL"]
[Date "1974.??.??"]
[Round "10"]
[White "Lengyel, Levente"]
[Black "Grabczewski, Romuald"]
[Result "1/2-1/2"]
[WhiteElo "2420"]
[BlackElo "2425"]
[EventDate "1974.07.15"]
[PlyCount "32"]

1.d4 Nf6 2.c4 e6 3.Nf3 c5 4.d5 exd5 5.cxd5 d6 6.Nc3 g6 7.g3 Bg7 8.Bg2 O-O 
9.O-O a6 10.a4 Nbd7 11.Nd2 Rb8 12.Nc4 Ne8 13.a5 Ne5 14.Nb6 Nc7 15.Qb3 Re8 
16.h3 f5 1/2-1/2

[Event "10th PKWN Festival it"]
[Site "Lublin POL"]
[Date "1974.??.??"]
[Round "10"]
[White "Vogt, Lothar"]
[Black "Estrin, Yakov"]
[Result "1-0"]
[WhiteElo "2430"]
[BlackElo "2450"]
[EventDate "1974.07.15"]
[PlyCount "75"]

1.e4 e5 2.Nf3 Nc6 3.Bb5 a6 4.Ba4 Nf6 5.O-O Nxe4 6.d4 b5 7.Bb3 d5 8.dxe5 
Be6 9.Qe2 Be7 10.Rd1 O-O 11.c4 bxc4 12.Bxc4 Qd7 13.Nc3 Nxc3 14.bxc3 f6 15.
exf6 Bxf6 16.Ng5 Bxg5 17.Bxg5 h6 18.Be3 Qd6 19.Bb3 Ne5 20.Rd4 c5 21.Rf4 g5
22.Rxf8+ Rxf8 23.h3 Nd7 24.Rd1 Rf6 25.Bxd5 Bxd5 26.c4 Rf5 27.cxd5 Rxd5 28.
Rxd5 Qxd5 29.Qxa6 Kg7 30.a4 c4 31.Qa7 Kg6 32.Bd4 Kf5 33.a5 Ke4 34.Bc3 Qd1+
35.Kh2 Qd6+ 36.g3 Qc5 37.Qb7+ Qd5 38.f3+ 1-0

[Event "10th PKWN Festival it"]
[Site "Lublin POL"]
[Date "1974.??.??"]
[Round "11"]
[White "Grabczewski, Romuald"]
[Black "Georgadze, Tamaz"]
[Result "0-1"]
[WhiteElo "2425"]
[BlackElo "2435"]
[EventDate "1974.07.15"]
[PlyCount "96"]

1.e4 c5 2.Nf3 Nc6 3.d4 cxd4 4.Nxd4 g6 5.Nc3 Bg7 6.Be3 Nf6 7.Bc4 Qa5 8.O-O 
O-O 9.Bb3 d6 10.h3 Bd7 11.f4 Qh5 12.Qd3 b5 13.a4 b4 14.Nd5 Nxd5 15.Bxd5 
Rac8 16.Nxc6 Bxc6 17.Bxa7 Bxb2 18.Ra2 Bxd5 19.exd5 Bg7 20.a5 Rc3 21.Qe4 
Ra3 22.Qc4 Rc3 23.Qe4 Qf5 24.Qxb4 Qxd5 25.Qa4 e5 26.fxe5 dxe5 27.a6 e4 28.
Re1 Rc4 29.Qa5 Qxa5 30.Rxa5 Bc3 31.Rea1 Ra8 32.Be3 Bxa1 33.Rxa1 Rxc2 34.a7
Rc7 35.Kf2 f5 36.Kg3 g5 37.Bd4 Rd7 38.Bc5 h5 39.Ra6 Kg7 40.Kh2 h4 41.Kg1 
f4 42.Kf1 Kf7 43.Ke2 Rc7 44.Bd4 Rc2+ 45.Kf1 Rc4 46.Be5 Rc1+ 47.Ke2 Rac8 
48.Rf6+ Ke7 0-1

[Event "10th PKWN Festival it"]
[Site "Lublin POL"]
[Date "1974.??.??"]
[Round "11"]
[White "Liebert, Heinz"]
[Black "Damjanovic, Mato"]
[Result "1/2-1/2"]
[WhiteElo "2445"]
[BlackElo "2460"]
[EventDate "1974.07.15"]
[PlyCount "88"]

1.c4 g6 2.Nf3 Bg7 3.d4 c5 4.e4 Qa5+ 5.Nc3 d6 6.Be2 Nc6 7.d5 Nd4 8.O-O 
Nxe2+ 9.Qxe2 Bg4 10.h3 Bxf3 11.Qxf3 Nf6 12.Bd2 O-O 13.Qe2 a6 14.a4 Nd7 15.
Nd1 Qc7 16.Bc3 Bd4 17.Qd2 Ne5 18.Bxd4 cxd4 19.Rc1 Qb6 20.a5 Qa7 21.f4 Nd7 
22.Nf2 b6 23.Qxd4 bxa5 24.Qxa7 Rxa7 25.Nd3 Rc7 26.Rc3 Rfc8 27.Rfc1 a4 28.
Kf2 Rb8 29.Ra1 Nc5 30.Nxc5 Rxb2+ 31.Kf3 Rxc5 32.Rxa4 a5 33.g4 f6 34.e5 
fxe5 35.fxe5 Kf7 36.exd6 exd6 37.g5 Ke7 38.Ke4 Re2+ 39.Kf3 Rh2 40.Kg3 Rb2 
41.Rca3 Kd7 42.Rxa5 Rxc4 43.Rf3 Rcc2 44.Ra7+ Ke8 1/2-1/2

[Event "10th PKWN Festival it"]
[Site "Lublin POL"]
[Date "1974.??.??"]
[Round "11"]
[White "Sydor, Andrzej"]
[Black "Szymczak, Zbigniew"]
[Result "1/2-1/2"]
[WhiteElo "2395"]
[BlackElo "2200"]
[EventDate "1974.07.15"]
[PlyCount "27"]

1.f4 g6 2.Nf3 Bg7 3.g3 c5 4.Bg2 Nc6 5.O-O d5 6.d3 d4 7.e4 dxe3 8.Nc3 Nh6 
9.Bxe3 Bd4 10.Qd2 Ng4 11.Bxd4 cxd4 12.Nd1 O-O 13.h3 Nf6 14.Re1 1/2-1/2

[Event "10th PKWN Festival it"]
[Site "Lublin POL"]
[Date "1974.??.??"]
[Round "12"]
[White "Georgadze, Tamaz"]
[Black "Pribyl, Josef"]
[Result "1/2-1/2"]
[WhiteElo "2435"]
[BlackElo "2455"]
[EventDate "1974.07.15"]
[PlyCount "23"]

1.e4 e5 2.Nf3 Nc6 3.Bb5 a6 4.Ba4 Nf6 5.Qe2 Be7 6.Bxc6 dxc6 7.b3 Bg4 8.Bb2 
Nd7 9.h3 Bxf3 10.Qxf3 c5 11.O-O Bd6 12.d3 1/2-1/2

[Event "10th PKWN Festival it"]
[Site "Lublin POL"]
[Date "1974.??.??"]
[Round "12"]
[White "Sydor, Andrzej"]
[Black "Estrin, Yakov"]
[Result "1/2-1/2"]
[WhiteElo "2395"]
[BlackElo "2450"]
[EventDate "1974.07.15"]
[PlyCount "32"]

1.f4 d5 2.Nf3 g6 3.g3 Bg7 4.Bg2 c5 5.O-O Nc6 6.d3 b6 7.c3 Bb7 8.Qc2 Nf6 9.
e4 c4 10.e5 cxd3 11.Qxd3 Ne4 12.Nbd2 Nc5 13.Qe3 e6 14.Nb3 Qe7 15.Nbd4 O-O 
16.Nxc6 Bxc6 1/2-1/2

[Event "10th PKWN Festival it"]
[Site "Lublin POL"]
[Date "1974.??.??"]
[Round "12"]
[White "Szymczak, Zbigniew"]
[Black "Lengyel, Levente"]
[Result "1/2-1/2"]
[WhiteElo "2200"]
[BlackElo "2420"]
[EventDate "1974.07.15"]
[PlyCount "29"]

1.Nf3 Nf6 2.c4 e6 3.g3 d5 4.Bg2 Be7 5.O-O O-O 6.b3 b6 7.Bb2 Bb7 8.e3 c5 9.
Nc3 Nbd7 10.Qe2 Ne4 11.d3 Nxc3 12.Bxc3 Bf6 13.Qb2 Bxc3 14.Qxc3 Rc8 15.Rfd1
1/2-1/2

[Event "10th PKWN Festival it"]
[Site "Lublin POL"]
[Date "1974.??.??"]
[Round "12"]
[White "Vogt, Lothar"]
[Black "Adamski, Jan"]
[Result "0-1"]
[WhiteElo "2430"]
[BlackElo "2405"]
[EventDate "1974.07.15"]
[PlyCount "82"]

1.e4 c5 2.Nf3 e6 3.d4 cxd4 4.Nxd4 Nf6 5.Nc3 d6 6.Be2 Be7 7.O-O O-O 8.Be3 
a6 9.f4 Qc7 10.a4 b6 11.Bf3 Bb7 12.Qe2 Nc6 13.Nb3 Rab8 14.g4 Nd7 15.g5 
Rfe8 16.Bg2 Nc5 17.Rae1 Nb4 18.Nd4 g6 19.Qc4 a5 20.f5 Bf8 21.fxg6 hxg6 22.
Qe2 Qd7 23.Ndb5 Rbc8 24.Bd4 e5 25.Be3 Ba6 26.Bxc5 Rxc5 27.Rf2 Be7 28.h4 
Bc8 29.Ref1 Rf8 30.h5 gxh5 31.Rf5 Qe6 32.Qxh5 Qg6 33.Qxg6+ fxg6 34.Rxf8+ 
Bxf8 35.Rf6 Be7 36.Rxg6+ Kf7 37.Rh6 Bxg5 38.Rxd6 Nxc2 39.Nd5 Ne3 40.Nbc3 
Nc4 41.Nb5 Rxb5 0-1

[Event "10th PKWN Festival it"]
[Site "Lublin POL"]
[Date "1974.??.??"]
[Round "13"]
[White "Estrin, Yakov"]
[Black "Szymczak, Zbigniew"]
[Result "1-0"]
[WhiteElo "2450"]
[BlackElo "2200"]
[EventDate "1974.07.15"]
[PlyCount "120"]

1.e4 c5 2.Nf3 d6 3.d4 cxd4 4.Nxd4 Nf6 5.Nc3 Nc6 6.Bg5 e6 7.Qd2 a6 8.O-O-O 
Bd7 9.f4 b5 10.Bxf6 gxf6 11.Nxc6 Bxc6 12.Qe3 Qe7 13.Bd3 b4 14.Nb1 Qa7 15.
Qe2 Qc5 16.Nd2 a5 17.Nb3 Qb6 18.Bc4 O-O-O 19.Nd4 Bb7 20.f5 d5 21.exd5 exd5
22.Bb5 Bc5 23.Nb3 Bd6 24.g3 h5 25.Rhf1 h4 26.g4 Bxh2 27.Qxh2 Qxb5 28.Rfe1 
a4 29.Nd4 Qc5 30.Re3 Qc7 31.Qd2 Qd6 32.a3 bxa3 33.Rxa3 Rde8 34.Qa5 Re7 35.
Rc3+ Kb8 36.Nb5 Qa6 37.Qb4 Rhe8 38.Nd4 Re4 39.Rc5 h3 40.Rh1 h2 41.Rc6 Re1+
42.Rxe1 Rxe1+ 43.Qxe1 Bxc6 44.Qg3+ Kb7 45.Qxh2 a3 46.Kb1 axb2 47.Kxb2 Qb6+
48.Nb3 d4 49.Qd6 Bf3 50.Qd7+ Qc7 51.Qxd4 Qe5 52.Qxe5 fxe5 53.g5 e4 54.Kc3 
e3 55.Kd3 e2 56.Kd2 Bg4 57.Nd4 Kc7 58.g6 fxg6 59.fxg6 Bh5 60.g7 Bf7 1-0

[Event "10th PKWN Festival it"]
[Site "Lublin POL"]
[Date "1974.??.??"]
[Round "13"]
[White "Grabczewski, Romuald"]
[Black "Tal, Mikhail"]
[Result "0-1"]
[WhiteElo "2425"]
[BlackElo "2635"]
[EventDate "1974.07.15"]
[PlyCount "69"]

1.e4 c5 2.Nf3 d6 3.d4 cxd4 4.Nxd4 Nf6 5.Nc3 a6 6.Bg5 e6 7.f4 Qb6 8.Nb3 
Nbd7 9.Qe2 Qc7 10.O-O-O b5 11.a3 Bb7 12.g4 Rc8 13.Bh4 Nb6 14.g5 Nfd7 15.f5
e5 16.Bf2 Nc4 17.Rd3 Ndb6 18.Bh3 Na4 19.Nxa4 bxa4 20.Na1 Qc6 21.Rd5 Nxb2 
22.f6 Qc3 23.Bxc8 Bxd5 24.Qxa6 Bxe4 25.Qb5+ Bc6 26.Qb8 Nd3+ 27.Kb1 Qb2+ 
28.Qxb2 Nxb2 29.Rg1 Nc4 30.Rg4 d5 31.Ka2 gxf6 32.gxf6 Nd6 33.Ba6 Ne4 34.
Bh4 h5 35.Rg1 0-1

[Event "10th PKWN Festival it"]
[Site "Lublin POL"]
[Date "1974.??.??"]
[Round "13"]
[White "Nicevski, Risto"]
[Black "Vogt, Lothar"]
[Result "1/2-1/2"]
[WhiteElo "2430"]
[BlackElo "2430"]
[EventDate "1974.07.15"]
[PlyCount "114"]

1.e4 e5 2.Nf3 Nc6 3.Bb5 a6 4.Ba4 Nf6 5.O-O Be7 6.Bxc6 dxc6 7.Qe1 c5 8.Nxe5
Qd4 9.Nd3 Nxe4 10.b3 Qxa1 11.Bb2 Qxa2 12.Qxe4 c4 13.Nc3 Qa5 14.Nd5 Be6 15.
N3f4 Rd8 16.bxc4 c6 17.Nxe7 Kxe7 18.Bxg7 Rhg8 19.Be5 Kd7 20.Ra1 Qc5 21.Rb1
b5 22.cxb5 axb5 23.Nxe6 fxe6 24.c4 b4 25.Qxh7+ Qe7 26.Qxe7+ Kxe7 27.Rxb4 
Rxd2 28.Rb7+ Rd7 29.Rxd7+ Kxd7 30.f4 c5 31.Kf2 Ra8 32.h4 Ke7 33.h5 Kf7 34.
g4 Ra3 35.Kg2 Kg8 36.g5 Kh7 37.Bd6 Rc3 38.g6+ Kh6 39.Bf8+ Kxh5 40.g7 Rc2+ 
41.Kf3 Rc3+ 42.Ke4 Rg3 43.Ke5 Rg6 44.Bxc5 Rxg7 45.Bd6 Rg1 46.Kxe6 Kg4 47.
c5 Rc1 48.Ke5 Rc2 49.Kd5 Kf5 50.Be5 Rd2+ 51.Kc6 Ke6 52.Kb7 Rc2 53.c6 Rc1 
54.Kb6 Kd5 55.c7 Ke6 56.Bb2 Rc2 57.Be5 Rc1 1/2-1/2

[Event "10th PKWN Festival it"]
[Site "Lublin POL"]
[Date "1974.??.??"]
[Round "13"]
[White "Pribyl, Josef"]
[Black "Damjanovic, Mato"]
[Result "1-0"]
[WhiteElo "2455"]
[BlackElo "2460"]
[EventDate "1974.07.15"]
[PlyCount "27"]

1.d4 Nf6 2.c4 e6 3.Nc3 Bb4 4.e3 c5 5.Bd3 O-O 6.Ne2 d5 7.cxd5 exd5 8.a3 
cxd4 9.exd4 Bxc3+ 10.bxc3 Bg4 11.O-O Bh5 12.Bg5 Nbd7 13.Qb3 Bxe2 14.Bxe2 
1-0

[Event "10th PKWN Festival it"]
[Site "Lublin POL"]
[Date "1974.??.??"]
[Round "14"]
[White "Anikaev, Yury"]
[Black "Grabczewski, Romuald"]
[Result "1/2-1/2"]
[WhiteElo "2455"]
[BlackElo "2425"]
[EventDate "1974.07.15"]
[PlyCount "92"]

1.c4 e5 2.Nc3 Nf6 3.g3 Bb4 4.Bg2 O-O 5.d3 Re8 6.Bd2 c6 7.Nf3 d5 8.O-O d4 
9.Na4 Bf8 10.b4 g6 11.Ng5 h6 12.Ne4 Nxe4 13.dxe4 Na6 14.a3 Be6 15.Nb2 Qd7 
16.Qc1 Kh7 17.Nd3 f6 18.f4 Bg8 19.fxe5 fxe5 20.Rxf8 Rxf8 21.Bxh6 Rfe8 22.
c5 Nc7 23.Ne1 Nb5 24.Nf3 Nc3 25.Ng5+ Kh8 26.Qf1 Qe7 27.Bf3 Bc4 28.Re1 Kg8 
29.Qh3 a5 30.Qg4 axb4 31.axb4 Ra2 32.h4 Be6 33.Nxe6 Qxe6 34.Qg5 Kh7 35.h5 
Rg8 36.Bg4 Qe8 37.hxg6+ Rxg6 38.Bf5 Nxe2+ 39.Rxe2 Rxe2 40.Qh5 Re1+ 41.Kg2 
Qf7 42.Qh4 Rb1 43.Bf4+ Kg8 44.Bxg6 Qxg6 45.Qd8+ Kh7 46.Qh4+ Kg8 1/2-1/2